| 000 | 01140cad a22002175a 4500 | ||
|---|---|---|---|
| 001 | L155647 | ||
| 008 | 120329s2012 xxk f 000 0 eng d | ||
| 035 | _a(Sirsi) u155647 | ||
| 041 | 0 | _aeng | |
| 110 |
_aUnited Kingdom _kLaws, etc. _95044 |
||
| 245 | 0 | 0 | _aHousing (Right to Buy) (Limit on Discount) (England) Order 2012 |
| 260 |
_aLondon _bHM Government _c2012 |
||
| 490 | 0 |
_aSI _v2012 |
|
| 520 | _aPrescribes the maximum discount of £75 000 available when exercising the right to buy a dwelling-house under Part V of the Housing Act 1985. Specifies the period of time used in the calculation of costs as ten years for dwelling-houses acquired by the landlord prior to 2nd April 2012 and fifteen years for dwelling-houses acquired by the landlord on or after 2nd April 2012. Revokes Housing (Right to Buy) (Limits on Discount) Order 1998. | ||
| 590 | _aKA | ||
| 650 | 2 | 4 | _aHOUSING (RIGHT TO BUY) (LIMITS ON DISCOUNT) ORDER 1998 |
| 651 | 4 |
_aEngland _y886- |
|
| 690 |
_aResidential property _96266 |
||
| 856 | 4 | 0 |
_auhttp://www.legislation.gov.uk/uksi/2012/734/made _zView the item free of charge at www.legislation.gov.uk |
| 942 | _n0 | ||
| 999 |
_c113724 _d113724 |
||